000 00716nam a2200229Ia 4500
003 GCL
008 140319s9999 xx 000 0 ara d
040 _aGCL /
_cGCL
082 0 4 _a726.1
_bس م
100 1 _aسعاد ماهر
245 1 0 _aمساجد فى السيرة النبوية /
_cسعاد ماهر
260 _aالقاهرة :
_bالهيئة المصرية العامة للكتاب ،
_c1987
300 _a121 ص ؛
_c24 سم
650 0 4 _aالسعودية
650 0 4 _aالاماكن المقدسة
650 0 4 _aالاثار الاسلامية
650 0 4 _aالمساجد
650 0 4 _aالعمارة
650 0 4 _aالمسجد الحرام
650 0 4 _aالرياض
942 _2ddc
_cBK
999 _c27948
_d27948